| 000 | 00439nam a2200169Ia 4500 | ||
|---|---|---|---|
| 001 | 14955 | ||
| 008 | 170314s ii a g b000 u asm u | ||
| 082 | _a891.41182 | ||
| 100 | _aKhatun, Fatema . | ||
| 245 | 0 |
_aAgnirekha / _cFatema Khatun. _hTextual Documents |
|
| 250 | _a1st ed. / | ||
| 260 |
_aSl : _bSn , _cnd. |
||
| 300 |
_a62p. : _bill ; _c17cm . |
||
| 653 | _aAssamese Poetry-Collections | ||
| 653 | _aG-Assamese | ||
| 942 |
_2ddc _cBK |
||
| 999 |
_c14941 _d14941 |
||